000 00251nam a2200097Ia 4500
001 1250640
005 20251031150900.0
008 251031s9999 xx 000 0 und d
245 0 _cNECİB MAHFUZ
_aD-3 ZAMANIN HÜKMÜ
260 _bKIRMIZI KEDİ YAYNLARI
999 _c1250640
_d1250640